Modern operating systems (Record no. 2641)

MARC details
000 -LEADER
fixed length control field 00445nam a22001817a 4500
005 - DATE AND TIME OF LATEST TRANSACTION
control field 20180206152701.0
008 - FIXED-LENGTH DATA ELEMENTS--GENERAL INFORMATION
fixed length control field 160614b xxu||||| |||| 00| 0 eng d
020 ## - INTERNATIONAL STANDARD BOOK NUMBER
ISBN 978-81-317-2003-5
041 ## - LANGUAGE CODE
Language code of text/sound track or separate title eng
082 ## - DEWEY DECIMAL CLASSIFICATION NUMBER
Item number 7408
Classification number 005.43
100 ## - MAIN ENTRY--AUTHOR NAME
Personal name Tanenbaum, Andrew S
245 ## - TITLE STATEMENT
Title Modern operating systems
250 ## - EDITION STATEMENT
Edition statement 3rd ed.
260 ## - PUBLICATION, DISTRIBUTION, ETC. (IMPRINT)
Place of publication Delhi
Name of publisher pearson education
Year of publication 2009
300 ## - PHYSICAL DESCRIPTION
Number of Pages 1012
650 ## - SUBJECT ADDED ENTRY--TOPICAL TERM
Topical Term Management
942 ## - ADDED ENTRY ELEMENTS (KOHA)
Koha item type Books
Holdings
Lost status Damaged status Collection code Home library Current library Shelving location Date acquired Full call number Accession Number Koha item type Source of acquisition
    CS/IT JRU Library   SHELF-51-B 14/06/2016 005.43 7408 Books  
    CS/IT JRU Library   SHELF-51-B 14/06/2016 005.43 7409 Books  
    CS/IT JRU Library JRU Library SHELF-51-B 14/06/2016 005.43 7410 Books PURCHASE
    CS/IT JRU Library   SHELF-52-D 14/06/2016 7408 7411 Books